LAJOST: lapai journal of science and technology (Record no. 38478)
[ view plain ]
| 000 -LEADER | |
|---|---|
| fixed length control field | 00487nam a2200169Ia 4500 |
| 022 ## - INTERNATIONAL STANDARD SERIAL NUMBER | |
| ISSN | 23467371 |
| 050 ## - CALL MARK | |
| Classification number | T 28.N6 .L35/ |
| 245 #0 - TITLE STATEMENT | |
| Title | LAJOST: lapai journal of science and technology |
| 260 ## - PUBLICATION, DISTRIBUTION, ETC. (IMPRINT) | |
| Place of publication | Niger state, Nigeria |
| 260 ## - PUBLICATION, DISTRIBUTION, ETC. (IMPRINT) | |
| Name of publisher | Türkiye Bilimsel ve Teknik Araştırma Kurumu |
| 260 ## - PUBLICATION, DISTRIBUTION, ETC. (IMPRINT) | |
| Year of publication | 2016 |
| 300 ## - PHYSICAL DESCRIPTION | |
| Number of Pages | x, 222 p. :ill. ; 29 cm. |
| 650 ## - SUBJECT ADDED ENTRY--TOPICAL TERM | |
| Topical Term | Technology--Nigeria--Periodicals. |
| 942 ## - ADDED ENTRY ELEMENTS (KOHA) | |
| Koha item type | Serials |
No items available.